Sites de streaming les plus connus - Statistiques

Statistiques générales
  • Ce quiz a été pris 63 fois
    56 depuis la dernière actualisation
  • Le résultat moyen est 3 sur 8
Statistiques - réponses
Réponse % Correct
N Netflix
100%
D Disney+
83%
C Canal+
42%
P Paramount+
33%
A Apple TV
25%
A Amazon Prime Video
23%
M Molotov
17%
U Universal+
12%
Aucun quiz correspondant
Distribution des résultats
% des personnes avec chaque résultat
Percentile par nombre de réponses
Votre historique - résultats
Vous n’avez pas pris ce quiz depuis la dernière actualisation